Futures <The> Journal of Policy, Planning and Futures Studies

Salvato in:
Dettagli Bibliografici
Natura: Periodico
Lingua:inglese
Pubblicazione: Oxford Elsevier Science
Soggetti:
Tags: Aggiungi Tag
Nessun Tag, puoi essere il primo ad aggiungerne!!

MARC

LEADER 00000nas1a22000001 4500
001 s120178
005 20250701092105.9
022 |a 0016-3287 
022 |a 1873-6378 
041 0 |a eng 
044 |a GB 
245 1 0 |a Futures  |b <The> Journal of Policy, Planning and Futures Studies 
264 1 |a Oxford  |b Elsevier Science 
500 |a Do roku 1999 vychádzal s podnázvom: Journal of Forecasting, Planning and Policy 
610 2 0 |a prognózy hospodárske 
610 2 0 |a prognózy dlhodobé 
610 2 0 |a prognózy